[Event "11t. Rusia tch 2010 Femenino"]
[Site "Dagomys RUS"]
[Date "2010.04.07"]
[Round "7.22"]
[White "Akatova, Ekaterina"]
[Black "Gunina, Valentina"]
[Result "0-1"]
[PlyCount "80"]
[EventDate "2010.04.01"]
[EventType "team"]
[EventRounds "7"]
[EventCountry "RUS"]
[Source "lmi"]
[SourceDate "2010.04.01"]
[WhiteElo "2275"]
[BlackElo "2457"]

1. e4 c6 2. d4 d5 3. exd5 cxd5 4. c4 Nf6 5. Nc3 g6 6. cxd5 Nxd5 7. Nf3 Bg7 8.
Be2 O-O 9. O-O Nc6 10. Re1 Bf5 11. Bg5 h6 12. Bh4 Nb6 13. Qd2 g5 14. Bg3 Nxd4
15. Nxd4 Qxd4 16. Qxd4 Bxd4 17. Bf3 Rae8 18. Bxb7 e5 19. Rad1 Nc4 20. Nd5 Re6
21. b3 Nb2 22. Rd2 Nd3 23. Red1 Nc5 24. Bc6 h5 25. h4 Ne4 26. Rxd4 exd4 27. Bd7
Nxg3 28. Bxe6 fxe6 29. fxg3 exd5 30. Rxd4 Be4 31. Ra4 Rf7 32. hxg5 Kg7 33. Ra6
d4 34. Rd6 d3 35. b4 Bf5 36. Kf2 Rd7 37. Rxd7+ Bxd7 38. Ke3 Bb5 39. a4 Bxa4 40.
Kxd3 Kg6 0-1

[Event "11t. Rusia tch 2010 Femenino"]
[Site "Dagomys RUS"]
[Date "2010.04.07"]
[Round "7.23"]
[White "Matveeva, Svetlana"]
[Black "Bronnikova, Elizaveta"]
[Result "0-1"]
[PlyCount "78"]
[EventDate "2010.04.01"]
[EventType "team"]
[EventRounds "7"]
[EventCountry "RUS"]
[Source "lmi"]
[SourceDate "2010.04.01"]
[WhiteElo "2373"]
[BlackElo "2271"]

1. d4 Nf6 2. c4 c5 3. d5 e5 4. Nc3 d6 5. g3 g6 6. Bg2 Bg7 7. Nf3 O-O 8. O-O a6
9. a4 Ne8 10. e4 f5 11. exf5 gxf5 12. Ng5 Nc7 13. a5 h6 14. Nh3 Nd7 15. f4 e4
16. g4 fxg4 17. Nf2 Nf6 18. Ncxe4 Nxe4 19. Nxe4 Ne8 20. Ra3 Rb8 21. Ng3 Nf6 22.
f5 b5 23. axb6 Rxb6 24. b3 Qe8 25. Kh1 Qf7 26. Bd2 h5 27. Ba5 Rb7 28. Bc3 Re7
29. Ra2 h4 30. Bxf6 Qxf6 31. Ne4 Qe5 32. Qxg4 Bxf5 33. Rxf5 Rxf5 34. Rxa6 Rf4
35. Qg6 h3 36. Ra8+ Rf8 37. Rxf8+ Kxf8 38. Bf3 Qf4 39. Qg3 Rxe4 0-1

[Event "11t. Rusia tch 2010 Femenino"]
[Site "Dagomys RUS"]
[Date "2010.04.07"]
[Round "7.24"]
[White "Ivkina, Olga"]
[Black "Girya, Olga"]
[Result "1-0"]
[PlyCount "119"]
[EventDate "2010.04.01"]
[EventType "team"]
[EventRounds "7"]
[EventCountry "RUS"]
[Source "lmi"]
[SourceDate "2010.04.01"]
[WhiteElo "2268"]
[BlackElo "2362"]

1. e4 c5 2. Nf3 e6 3. d4 cxd4 4. Nxd4 a6 5. Bd3 Bc5 6. Nb3 Ba7 7. c4 Nc6 8. Nc3
d6 9. O-O Nf6 10. Kh1 Ne5 11. f4 Nxd3 12. Qxd3 O-O 13. Be3 Bxe3 14. Qxe3 Qc7
15. Rac1 Bd7 16. Nd4 Qb6 17. Qd2 Rfd8 18. e5 Ng4 19. exd6 Qxd6 20. Ne4 Qe7 21.
c5 e5 22. Nf3 Bb5 23. Nd6 Bxf1 24. Rxf1 e4 25. Ng5 e3 26. Qe2 Nf2+ 27. Kg1 Rf8
28. Re1 h6 29. Nf3 b6 30. b4 bxc5 31. bxc5 Ng4 32. h3 Nf6 33. Ne5 Nd5 34. Qg4
Qf6 35. g3 Ra7 36. Rd1 e2 37. Re1 Rc7 38. Ne4 Qd8 39. Qxe2 f5 40. Qc4 fxe4 41.
Rd1 Qc8 42. Rxd5 Qe6 43. g4 Rcf7 44. f5 Qe7 45. Nxf7 Rxf7 46. Rd6 Qc7 47. Kg2
Kh7 48. Qxe4 Qxc5 49. f6+ g6 50. Re6 Qa3 51. Qe2 Qc5 52. h4 Qd5+ 53. Kh2 a5 54.
a4 Qd4 55. Qf3 Qxa4 56. Re7 Qa2+ 57. Kh3 Qc4 58. h5 gxh5 59. Qf5+ Kg8 60. Re8+
1-0

[Event "11t. Rusia tch 2010 Femenino"]
[Site "Dagomys RUS"]
[Date "2010.04.07"]
[Round "7.31"]
[White "Zhukova, Natalia"]
[Black "Cmilyte, Viktorija"]
[Result "0-1"]
[PlyCount "90"]
[EventDate "2010.04.01"]
[EventType "team"]
[EventRounds "7"]
[EventCountry "RUS"]
[Source "lmi"]
[SourceDate "2010.04.01"]
[WhiteElo "2492"]
[BlackElo "2485"]

1. d4 Nf6 2. c4 g6 3. Nc3 d5 4. cxd5 Nxd5 5. e4 Nxc3 6. bxc3 Bg7 7. Bc4 c5 8.
Ne2 Nc6 9. Be3 O-O 10. O-O Bg4 11. f3 Bd7 12. Rb1 Rc8 13. Bd3 Qc7 14. Qd2 Rfd8
15. d5 Ne5 16. c4 e6 17. Nf4 b6 18. Be2 Ba4 19. Qc1 Qe7 20. Qa3 Be8 21. Nh3
exd5 22. cxd5 h5 23. Rfd1 Qd7 24. Bb5 Qe7 25. Ba6 Rb8 26. Nf2 f6 27. Nd3 Kh7
28. Bf4 Bf7 29. Bg3 Bh6 30. Re1 Bg8 31. f4 Nxd3 32. Bxd3 h4 33. Bxh4 Bxf4 34.
Kh1 Be5 35. Re3 Kg7 36. Rh3 Bf7 37. Bg3 Rh8 38. Bxe5 Qxe5 39. Qxa7 Rxh3 40.
gxh3 Rh8 41. Qd7 c4 42. Bc2 Qc3 43. e5 Qf3+ 44. Kg1 Rh5 45. exf6+ Kh6 0-1

[Event "11t. Rusia tch 2010 Femenino"]
[Site "Dagomys RUS"]
[Date "2010.04.07"]
[Round "7.32"]
[White "Socko, Monika"]
[Black "Munguntuul, Batkhuyag"]
[Result "1/2-1/2"]
[PlyCount "111"]
[EventDate "2010.04.01"]
[EventType "team"]
[EventRounds "7"]
[EventCountry "RUS"]
[Source "lmi"]
[SourceDate "2010.04.01"]
[WhiteElo "2465"]
[BlackElo "2428"]

1. e4 c5 2. Nf3 e6 3. b3 Nc6 4. Bb2 Nf6 5. e5 Nd5 6. g3 Be7 7. Bg2 O-O 8. O-O
d6 9. exd6 Qxd6 10. Na3 Bf6 11. Bxf6 Nxf6 12. Nc4 Qc7 13. Qe2 b6 14. c3 Bb7 15.
Rfe1 Rad8 16. Rad1 Qb8 17. Ng5 Qa8 18. d3 b5 19. Nd2 h6 20. Nge4 Nd5 21. Nb1 b4
22. Nxc5 bxc3 23. Nxb7 Qxb7 24. Bxd5 Rxd5 25. Nxc3 Rd7 26. Qe4 Rfd8 27. Re3 Qc8
28. Ne2 Nd4 29. Nxd4 Rxd4 30. Qf3 Qc2 31. Qe2 Qxe2 32. Rxe2 Rxd3 33. Rxd3 Rxd3
34. Rc2 Rd7 35. h4 g6 36. Kg2 h5 37. Kf3 Kg7 38. Ke3 Kf6 39. b4 Rd1 40. a4 Rb1
41. Rc4 Ke5 42. b5 Ra1 43. Rc7 Rxa4 44. Rxf7 Ra3+ 45. Ke2 Rb3 46. Rxa7 Rxb5 47.
Rf7 Rb3 48. Kf1 Ra3 49. Kg2 Ra2 50. Kh3 Ra4 51. Kg2 Ra2 52. Rf8 Rb2 53. Kh3 Rb4
54. f3 Ra4 55. Rf7 Rb4 56. Rf8 1/2-1/2

[Event "11t. Rusia tch 2010 Femenino"]
[Site "Dagomys RUS"]
[Date "2010.04.07"]
[Round "7.33"]
[White "Vasilevich, Irina"]
[Black "Atalik, Ekaterina"]
[Result "1/2-1/2"]
[PlyCount "116"]
[EventDate "2010.04.01"]
[EventType "team"]
[EventRounds "7"]
[EventCountry "RUS"]
[Source "lmi"]
[SourceDate "2010.04.01"]
[WhiteElo "2324"]
[BlackElo "2445"]

1. e4 e5 2. Nf3 Nc6 3. Bb5 a6 4. Ba4 Nf6 5. d3 b5 6. Bb3 Be7 7. Nbd2 d6 8. c3
O-O 9. Nf1 Na5 10. Bc2 c5 11. Ng3 h6 12. h3 Re8 13. Nh2 d5 14. Qf3 d4 15. Ng4
Nxg4 16. hxg4 c4 17. Nf5 Bxf5 18. gxf5 Rc8 19. Qg3 Bg5 20. Rh5 Bxc1 21. Rxc1
cxd3 22. Bxd3 Qd6 23. Be2 dxc3 24. Rxc3 Rxc3 25. Qxc3 Nc6 26. g4 Qb4 27. Qxb4
Nxb4 28. a3 Nc2+ 29. Kd2 Nd4 30. f6 gxf6 31. Rxh6 Rc8 32. Bd3 Kg7 33. Rh1 Kg6
34. Ke3 Ne6 35. Rd1 Kg5 36. Be2 Rc2 37. Rd6 Rxb2 38. Rxa6 Rb3+ 39. Kd2 Nc5 40.
Ra5 Rb2+ 41. Ke3 Rb3+ 42. Kd2 Nxe4+ 43. Kc2 Rh3 44. Bxb5 Nxf2 45. a4 Nxg4 46.
Ra7 e4 47. a5 Ne5 48. a6 Nd3 49. Rxf7 Nb4+ 50. Kd2 Nxa6 51. Bxa6 f5 52. Bc8
Rd3+ 53. Ke2 Rd5 54. Ke3 Rd3+ 55. Kf2 Rd2+ 56. Ke3 Rd3+ 57. Ke2 Rd5 58. Rf8 Kf4
1/2-1/2